Výroba a použití pozinkovaného a pohliníkovaného plechu : rozborová zpráva /

Hlavní autor: Wiesner, František, 1893-1970
Další autoři: Zezulová, M.
Jazyk: Čeština
Vydáno: Praha : Výzkumný ústav hutnictví železa, 1965
Edice: Hutnické aktuality (Výzkumný ústav hutnictví železa)
Fyzický popis: 48 s.
Knihy
Uloženo v:
LEADER 00950nam a2200241 a 4500
001 000661405
003 CZ BrMZK
005 20100127112309.0
008 030312s1965 xr f cze d
040 |a BOA001  |b cze  |c BOA001 
080 |a 669-415:669.718  |2 MRF 
080 |a 669-415:669.58  |2 MRF 
100 1 |a Wiesner, František,  |d 1893-1970  |7 mzk2002160634  |4 aut 
245 1 0 |a Výroba a použití pozinkovaného a pohliníkovaného plechu :  |b rozborová zpráva /  |c František Wiesner, M. Zezulová 
260 |a Praha :  |b Výzkumný ústav hutnictví železa,  |c 1965 
300 |a 48 s. 
490 1 |a Hutnické aktuality ;  |v roč. 6, 1965, č. 11 
504 |a Bibliografie na s. 47-48 
700 1 |a Zezulová, M.  |7 mzk2010473993  |4 aut 
830 0 |a Hutnické aktuality (Výzkumný ústav hutnictví železa) 
910 |a BOA001  |b TK-A-0130.690 
990 |a BK 
996 7 |b 2629947602  |c TK-A-0130.690  |l MZK  |r Sklad / do 24 hodin  |n 0  |w 000661405  |u 000010  |a 1  |e BOA001  |j MZK50  |s A